000 00786cam a22002777a 4500
001 001227
003 armpunfd
005 20140612090634.0
008 030314e0####xx#a##########000#0#und#d
040 _aarmpunfd
_carmpunfd
080 _a321.02 B 473
100 1 0 _a Bidart Campos, German J.
245 1 0 _aLecciones elementales de politica
260 _a Uenos Aires : Ediar
_b1987. 5ยบ Ed. Isbn : 950-574-044-1.
650 7 _a Derecho Politico
_2LEMB
650 7 _a Descentralizacion
_2LEMB
650 7 _a Estado
_2LEMB
650 7 _a Etica
_2LEMB
650 7 _a Federalismo
_2LEMB
650 7 _a Partidos Politicos
_2LEMB
650 7 _a Soberania
_2LEMB
650 7 _a Sociedad
_2LEMB
650 7 _a Sufragio
_2LEMB
942 _cLB
_2cdu
945 _aCatalis
_d2010-08-19
999 _c1218
_d231722